| 000 | 00442nam a22001697a 4500 | ||
|---|---|---|---|
| 003 | NUST - PNEC | ||
| 005 | 20170116180935.0 | ||
| 008 | 150906b xxu||||| |||| 00| 0 eng d | ||
| 020 | _a0852260067 | ||
| 040 | _cLIBRARY | ||
| 082 | _a621.3192 AAT | ||
| 100 |
_98492 _aAatre, Vasudev K. |
||
| 245 |
_aNetwork theory and filter design _cVasudev K. Aatre |
||
| 260 | _cc.1980 | ||
| 650 |
_98494 _aElectrical Engineering _xEE |
||
| 942 |
_2ddc _cBK |
||
| 999 |
_c66028 _d66028 |
||